000 02835nam2a22003731 4500
001 v19\rc\2100958
005 20250620044045.0
035 _a(NLR Aleph) 005176385
090 _a5103950
_c5103950
100 _a20090914d1820 |||y0rusy50 ca
101 0 _arus
102 _aRU
135 _acrcn 024anaba
140 _aa a bkb yyy
200 1 _aПолевая фортификация
215 _a48 с., [1] л. пл.
_cчерт.
300 _aПл.: План Тарутинской позиции
316 _aЭкз. РНБ (18.112.1.248) в сост. картон. пер., сер. XX века. Сохранена бумаж. обл. из марморной бумаги. На 1-й и 2-й с. обл. ярлык с шифром РНБ. На 2-й с. обл. старый ярлык и рукоп пометы технич. характера. На тит. л., с.21 и [1] л. план. круглый штамп ГПБ. На нижней крышке пер. экслибрис рус. фонда РНБ с шифром. Размер: 38,58х24,5х1,3 см.
_5NLR: 18.112.1.248
317 _aВ экз. РНБ (18.112.1.248) на 2-й с. обл. владельч. подпись: "С. А. Е." и стертая др. неразборчивая владельч. надпись.
_5NLR: 18.112.1.248
325 _aКопия доступна в Электрон. б-ке РНБ
461 0 _1001v19\rc\2100957
_12001#$aКраткия записки из военных наук извлеченныя из лучших и новейших сочинений в пользу воспитанников Горнаго кадетскаго корпуса$vТетр. 2
_95103944
_c[Санкт-Петербург]
_d1820
_oиз лучших и новейших сочинений в пользу воспитанников Горнаго кадетскаго корпуса
_tКраткия записки из военных наук извлеченныя
_vТетр. 2
702 0 _aС. А. Е.
_5NLR: 18.112.1.248
_4390
801 0 _aRU
_bNLR
_gpsbo
801 1 _aRU
_bProSoft-M
_2rusmarc
852 _aNLR
_j18.112.1.248
942 _cBOOK
980 _aNB
981 2 2 _a(22) Материалы по истории России
_b(22) Культура. Наука. Просвещение.
981 2 2 _a(22) Материалы по истории России
_b(22) История России до 25 октября (7 ноября) 1917 года
981 2 0 _a(20) Книжные памятники РНБ
_b(20) Русский книжный фонд